[Event "GER-chT Federal Cup (Women)"]
[Site "Braunfels"]
[Date "2019.06.21"]
[Round "2.56"]
[White "Hoelzer, Jeanette"]
[Black "Kalina, Mandy"]
[Result "1-0"]
[WhiteElo "1662"]
[BlackElo "1009"]
[PlyCount "95"]
[EventDate "2019.06.20"]
[EventType "team-swiss"]
[EventRounds "5"]
[EventCountry "GER"]
[SourceTitle "CBM 191 Extra"]
[Source "ChessBase"]
[SourceDate "2019.09.30"]
[SourceVersion "1"]
[SourceVersionDate "2019.09.30"]
[SourceQuality "1"]

1. e4 e5 2. Nf3 Nc6 3. Bc4 Qe7 4. Nc3 Nf6 5. d3 d6 6. Bg5 Be6 7. Nd5 Bxd5 8. Bxd5 h6 9. Bxc6+ bxc6 10. Bxf6 Qxf6 11. c3 Qe6 12. Qa4 Qd7 13. d4 f6 14. Rd1 c5 15. Qxd7+ Kxd7 16. dxe5 Re8 17. 0-0 fxe5 18. a3 Re6 19. b4 cxb4 20. axb4 Be7 21. Ra1 Ra8 22. Ra2 c6 23. Rfa1 Rc8 24. Rxa7+ Rc7 25. Rxc7+ Kxc7 26. Rd1 c5 27. b5 c4 28. Nd2 Kb6 29. Rb1 Kc5 30. b6 d5 31. b7 Bd6 32. b8Q Bxb8 33. Rxb8 Rd6 34. f3 Rb6 35. Rxb6 Kxb6 36. exd5 Kc5 37. Ne4+ Kxd5 38. Kf2 Ke6 39. Kg3 Kf5 40. Nd6+ Ke6 41. Nxc4 Kd5 42. Nd2 g6 43. Ne4 Kc4 44. Kg4 Kd3 45. h4 Ke3 46. h5 gxh5+ 47. Kxh5 Kf4 48. Kxh6 1-0

[Event "GER-ch U25 op-B"]
[Site "Oberhof"]
[Date "2012.05.29"]
[Round "4"]
[White "Hoelzer, Jeanette"]
[Black "Tsoumanis, Neoptolemos"]
[Result "1-0"]
[WhiteElo "1376"]
[BlackElo "1181"]
[PlyCount "109"]
[EventDate "2012.05.27"]
[EventType "swiss"]
[EventRounds "9"]
[EventCountry "GER"]
[SourceTitle "CBM 148 Extra"]
[Source "ChessBase"]
[SourceDate "2012.06.22"]
[SourceVersion "1"]
[SourceVersionDate "2012.06.22"]
[SourceQuality "1"]

1. e4 d5 2. exd5 Qxd5 3. Nf3 Bg4 4. Be2 Nf6 5. d4 Nc6 6. c4 Qd6 7. Be3 e6 8. Nc3 0-0-0 9. Qb3 Na5 10. Qa4 Qb4 11. Qxb4 Bxb4 12. Ne5 Bxe2 13. Kxe2 Rhf8 14. Rac1 Bd6 15. Na4 Bxe5 16. dxe5 Ng4 17. Bc5 Rfe8 18. f4 Rd7 19. Bxa7 b6 20. Bxb6 cxb6 21. Nxb6+ Kc7 22. Nxd7 Kxd7 23. a3 Nh6 24. Rhd1+ Kc7 25. g4 f6 26. exf6 gxf6 27. b4 Nc6 28. b5 Na5 29. c5 f5 30. g5 Nf7 31. Kf3 e5 32. Re1 Rb8 33. b6+ Kc6 34. h4 Re8 35. h5 Nb7 36. g6 e4+ 37. Ke3 Nh6 38. gxh7 Ng4+ 39. Kd4 Rd8+ 40. Kc4 Nf2 41. Rc2 Na5+ 42. Kc3 e3 43. Rxe3 Nd1+ 44. Kb4 Nxe3 45. Re2 Nac4 46. a4 Re8 47. a5 Nd5+ 48. Kxc4 Rd8 49. h8Q Nxb6+ 50. axb6 Rxh8 51. Re6+ Kb7 52. Re7+ Kb8 53. Kb5 Rh6 54. c6 Rh8 55. Ka6 1-0

[Event "GER-ch U25 op-B"]
[Site "Oberhof"]
[Date "2012.05.27"]
[Round "2"]
[White "Hoelzer, Jeanette"]
[Black "Janke, Christopher"]
[Result "0-1"]
[WhiteElo "1376"]
[BlackElo "1589"]
[PlyCount "75"]
[EventDate "2012.05.27"]
[EventType "swiss"]
[EventRounds "9"]
[EventCountry "GER"]
[SourceTitle "CBM 148 Extra"]
[Source "ChessBase"]
[SourceDate "2012.06.22"]
[SourceVersion "1"]
[SourceVersionDate "2012.06.22"]
[SourceQuality "1"]

1. e4 e5 2. Nf3 Nf6 3. Nxe5 Qe7 4. Nf3 Nxe4 5. Be2 d5 6. d3 Nd6 7. Nc3 c6 8. 0-0 f6 9. Re1 Qf7 10. Nd4 Be7 11. Bf4 Nf5 12. Nxf5 Bxf5 13. Bg4 Bxg4 14. Qxg4 0-0 15. Re3 d4 16. Rg3 f5 17. Qh3 dxc3 18. bxc3 Nd7 19. Bh6 Bf6 20. d4 Kh8 21. Bf4 g6 22. a3 Nb6 23. Re1 Rae8 24. Rxe8 Rxe8 25. Re3 Rxe3 26. Qxe3 Qe7 27. Qxe7 Bxe7 28. Bb8 a6 29. Ba7 Nc8 30. Bc5 Bxc5 31. dxc5 Kg7 32. Kf1 Kf6 33. f4 Ne7 34. c4 g5 35. fxg5+ Kxg5 36. Kf2 Kf4 37. g3+ Ke4 38. h3 0-1

[Event "GER-chB U25"]
[Site "Oberhof"]
[Date "2011.06.12"]
[Round "1"]
[White "Jansen, Nina"]
[Black "Hoelzer, Jeanette"]
[Result "1/2-1/2"]
[WhiteElo "1478"]
[BlackElo "1108"]
[PlyCount "103"]
[EventDate "2011.06.11"]
[EventType "swiss"]
[EventRounds "9"]
[EventCountry "GER"]
[SourceTitle "CBM 142 Extra"]
[Source "ChessBase"]
[SourceDate "2011.06.27"]
[SourceVersion "1"]
[SourceVersionDate "2011.06.27"]
[SourceQuality "1"]

1. e4 e5 2. Nf3 Nc6 3. Bc4 Bc5 4. d3 Nf6 5. Nc3 d6 6. h3 Ne7 7. a3 a6 8. 0-0 Be6 9. Bxe6 fxe6 10. Ne2 0-0 11. Ng3 Qe8 12. c3 Nh5 13. d4 exd4 14. cxd4 Ba7 15. Bg5 Nf4 16. Bxf4 Rxf4 17. Ng5 Qg6 18. Qh5 Bxd4 19. Qxg6 Nxg6 20. Nxe6 Bxb2 21. Rab1 Bxa3 22. Rxb7 Rf7 23. Rfb1 h6 24. Rb8+ Rxb8 25. Rxb8+ Kh7 26. Ra8 c5 27. Rxa6 Bb4 28. Rxd6 c4 29. Rd4 Be1 30. Rxc4 Bxf2+ 31. Kh2 Ne5 32. Rc3 Be1 33. Re3 Bf2 34. Rb3 Be1 35. Nf5 Bd2 36. Rb8 Be1 37. Nf8+ Rxf8 38. Rxf8 Kg6 39. Ne7+ Kh7 40. Rf5 Bc3 41. Nd5 Bb2 42. Rf2 Bd4 43. Rc2 Ba1 44. Kg3 Bd4 45. Rc7 Ng6 46. Nf4 Be5 47. Rf7 Nxf4 48. Rxf4 g5 49. Kg4 Bxf4 50. Kf5 Kg7 51. g4 Bb8 52. e5 1/2-1/2

[Event "GER-chT U14 Girls"]
[Site "Gross Doelln"]
[Date "2010.12.27"]
[Round "2.2"]
[White "Reinecke, Katharina"]
[Black "Hoelzer, Jeanette"]
[Result "0-1"]
[WhiteElo "860"]
[BlackElo "1286"]
[PlyCount "118"]
[EventDate "2010.12.27"]
[EventType "team-swiss"]
[EventRounds "7"]
[EventCountry "GER"]
[SourceTitle "CBM 140 Extra"]
[Source "ChessBase"]
[SourceDate "2011.03.01"]
[SourceVersion "1"]
[SourceVersionDate "2011.03.01"]
[SourceQuality "1"]
[WhiteTeam "Langen"]
[BlackTeam "Hamburg Diogenes"]
[WhiteTeamCountry "GER"]
[BlackTeamCountry "GER"]

1. e4 e5 2. Nf3 Nc6 3. Bc4 Bc5 4. Nc3 d6 5. h3 Nf6 6. d3 Be6 7. Nd5 Nb4 8. Nxb4 Bxb4+ 9. Bd2 Bc5 10. Bxe6 fxe6 11. Ng5 Qe7 12. Be3 Bxe3 13. fxe3 d5 14. exd5 exd5 15. d4 0-0 16. 0-0 Nd7 17. Nf3 Rad8 18. b3 c5 19. dxe5 Nxe5 20. Nxe5 Qxe5 21. Rxf8+ Rxf8 22. Rb1 Qxe3+ 23. Kh1 d4 24. Qh5 b6 25. Qd5+ Kh8 26. Qb7 Qe8 27. Qxa7 Qb8 28. Qxb8 Rxb8 29. Re1 h6 30. a3 Rf8 31. Kg1 Kg8 32. b4 cxb4 33. axb4 Rc8 34. Rd1 Rc4 35. b5 Kh7 36. Kh2 Kg6 37. Kg3 Kf5 38. Kf3 Ke5 39. Rd2 Kd5 40. g4 Rb4 41. c3 Ra4 42. cxd4 Rxd4 43. Rb2 Kc5 44. Ke3 Rb4 45. Rxb4 Kxb4 46. Kd3 Kxb5 47. Kd4 Kb4 48. h4 b5 49. g5 Kb3 50. gxh6 gxh6 51. h5 b4 52. Kd3 Ka3 53. Kc2 b3+ 54. Kb1 b2 55. Kc2 Ka2 56. Kd3 b1R 57. Ke4 Rh1 58. Kf5 Rxh5+ 59. Kg6 Rh1 0-1

[Event "GER-chT DLM U20"]
[Site "Stuttgart"]
[Date "2010.11.20"]
[Round "6.7"]
[White "Manusina, Nicole"]
[Black "Hoelzer, Jeanette"]
[Result "1-0"]
[WhiteElo "1651"]
[BlackElo "1371"]
[PlyCount "53"]
[EventDate "2010.11.17"]
[EventType "team-tourn"]
[EventRounds "7"]
[EventCountry "GER"]
[SourceTitle "EXT 2022"]
[Source "ChessBase"]
[SourceDate "2021.10.06"]
[SourceVersion "1"]
[SourceVersionDate "2021.10.06"]
[SourceQuality "1"]
[WhiteTeam "Niedersachsen U20"]
[BlackTeam "Hamburg U20"]
[WhiteTeamCountry "GER"]
[BlackTeamCountry "GER"]

1. d4 Nf6 2. c4 g6 3. Nc3 Bg7 4. e4 d6 5. f3 0-0 6. Bg5 e5 7. dxe5 dxe5 8. Qxd8 Rxd8 9. Nd5 Nbd7 10. Rd1 Nxd5 11. Bxd8 Ne3 12. Rc1 Nxf1 13. Kxf1 c6 14. Bg5 Nc5 15. Be3 Nd3 16. Rd1 Nf4 17. Rd8+ Bf8 18. Bxf4 exf4 19. Nh3 Kg7 20. Nxf4 b6 21. Ke2 Bb7 22. Rxa8 Bxa8 23. Rd1 a5 24. Rd7 h5 25. Ne6+ Kg8 26. Nxf8 Kxf8 27. Rd8+ 1-0

[Event "GER-ch U14 Girls"]
[Site "Oberhof"]
[Date "2010.05.29"]
[Round "9"]
[White "Buerger, Jessica"]
[Black "Hoelzer, Jeanette"]
[Result "1/2-1/2"]
[WhiteElo "1257"]
[BlackElo "1210"]
[PlyCount "38"]
[EventDate "2010.05.22"]
[EventType "swiss"]
[EventRounds "9"]
[EventCountry "GER"]
[SourceTitle "CBM 136 Extra"]
[Source "ChessBase"]
[SourceDate "2010.07.02"]
[SourceVersion "2"]
[SourceVersionDate "2010.07.15"]
[SourceQuality "1"]

1. e4 e5 2. Nf3 Nc6 3. Bc4 Bc5 4. c3 Nf6 5. d4 exd4 6. cxd4 Bb4+ 7. Bd2 Bxd2+ 8. Nbxd2 d5 9. exd5 Nxd5 10. 0-0 0-0 11. Qb3 Na5 12. Qc2 Nxc4 13. Qxc4 c6 14. Rfe1 Qf6 15. Ne4 Qf4 16. Qd3 Bf5 17. Qd2 Qxd2 18. Nexd2 Nb4 19. Re5 Bg6 1/2-1/2

[Event "GER-ch U14 Girls"]
[Site "Oberhof"]
[Date "2010.05.23"]
[Round "2"]
[White "Hartewig, Anja"]
[Black "Hoelzer, Jeanette"]
[Result "1/2-1/2"]
[WhiteElo "1471"]
[BlackElo "1210"]
[PlyCount "103"]
[EventDate "2010.05.22"]
[EventType "swiss"]
[EventRounds "9"]
[EventCountry "GER"]
[SourceTitle "CBM 136 Extra"]
[Source "ChessBase"]
[SourceDate "2010.07.02"]
[SourceVersion "2"]
[SourceVersionDate "2010.07.15"]
[SourceQuality "1"]

1. d4 Nf6 2. c4 g6 3. Nc3 Bg7 4. e4 d6 5. Be2 0-0 6. Nf3 e5 7. dxe5 dxe5 8. Qxd8 Rxd8 9. 0-0 Nbd7 10. Bg5 h6 11. Bh4 g5 12. Bg3 Re8 13. Nb5 Rd8 14. Nxc7 Rb8 15. Rfd1 Nxe4 16. Bxe5 g4 17. Bxg7 gxf3 18. Bxf3 Nxf2 19. Kxf2 Kxg7 20. Rd2 Rg8 21. Nb5 a6 22. Nd6 Ne5 23. Nxc8 Nxc4 24. Rc2 Rgxc8 25. Rac1 b5 26. b3 Nd6 27. Rxc8 Nxc8 28. Rc6 a5 29. Ra6 a4 30. bxa4 bxa4 31. Rxa4 Rb2+ 32. Kg3 Nd6 33. Rg4+ Kf6 34. a4 h5 35. Rf4+ Kg5 36. h4+ Kg6 37. Be4+ Nxe4+ 38. Rxe4 Kf5 39. Rc4 Ra2 40. Rc5+ Kg6 41. a5 Ra3+ 42. Kf4 Ra4+ 43. Ke5 f6+ 44. Kd6 Rxh4 45. a6 Ra4 46. Rc6 Ra2 47. Kc7 h4 48. Kb7 Rxg2 49. a7 Ra2 50. Ra6 Rb2+ 51. Rb6 Ra2 52. Ra6 1/2-1/2

[Event "GER-ch Schools U18 Girls"]
[Site "Germany"]
[Date "2009.05.17"]
[Round "5.4"]
[White "Hohmann, Jessica"]
[Black "Hoelzer, Jeanette"]
[Result "0-1"]
[WhiteElo "800"]
[BlackElo "800"]
[PlyCount "96"]
[EventDate "2009.05.16"]
[EventType "team-swiss"]
[EventRounds "7"]
[EventCountry "GER"]
[SourceTitle "EXT 2011"]
[Source "ChessBase"]
[SourceDate "2010.11.26"]
[SourceVersion "1"]
[SourceVersionDate "2010.11.26"]
[SourceQuality "1"]
[WhiteTeam "Stade Athenaeum (W)"]
[BlackTeam "Hamburg MCG (W)"]
[WhiteTeamCountry "GER"]
[BlackTeamCountry "GER"]

1. Nc3 e5 2. e4 Nf6 3. d3 Bc5 4. Bg5 h6 5. Bxf6 Qxf6 6. Qd2 d6 7. Nf3 Bg4 8. 0-0-0 Bxf3 9. gxf3 Qxf3 10. Rg1 g5 11. Nd5 Na6 12. Bg2 Qg4 13. h3 Qe6 14. Rge1 c6 15. Nc3 Bb4 16. Kb1 d5 17. d4 dxe4 18. Bxe4 f6 19. dxe5 fxe5 20. a3 Ba5 21. Qd3 Nc5 22. Bg6+ Kf8 23. Qf5+ Qxf5 24. Bxf5 Bxc3 25. bxc3 Na4 26. Rd3 Re8 27. Ree3 Nc5 28. Bd7 Re7 29. Rf3+ Kg7 30. Rd1 Nxd7 31. Re1 Rf8 32. Rxf8 Kxf8 33. c4 e4 34. c3 b5 35. cxb5 cxb5 36. Kb2 Nc5 37. Rf1 a5 38. f3 e3 39. f4 Nd3+ 40. Kc2 e2 41. Rf3 Ne1+ 42. Kd2 Nxf3+ 43. Kc2 e1Q 44. fxg5 Qd2+ 45. Kb3 Re3 46. a4 Qxc3+ 47. Ka2 Re2+ 48. Kb1 Qe1# 0-1